000 00439nam a2200169Ia 4500
003 GCL
008 140319s9999 xx 000 0 ara d
040 _aGCL /
_cGCL
082 0 4 _a332.4
_bف ف
100 1 _aفوزى عطوى
245 1 0 _aفى الاقتصاد السياسى /
_cفوزى عطوى
300 _a310
490 _a100 قصة
_v0
650 0 4 _aالنقود
650 0 4 _aالسياسة النقدية
942 _2ddc
_cBK
999 _c43873
_d43873